000257416 001__ 257416
000257416 005__ 20260426040121.0
000257416 0247_ $$aG:(GEPRIS)567159370$$d567159370
000257416 035__ $$aG:(GEPRIS)567159370
000257416 040__ $$aGEPRIS$$chttp://gepris.its.kfa-juelich.de
000257416 150__ $$aUHPLC-QQQ-Massenspektrometer$$y2026 -
000257416 371__ $$aProfessorin Dr. Stefanie Kaiser
000257416 450__ $$aDFG project G:(GEPRIS)567159370$$wd$$y2026 -
000257416 5101_ $$0I:(DE-588b)2007744-0$$aDeutsche Forschungsgemeinschaft$$bDFG
000257416 680__ $$a
000257416 909CO $$ooai:juser.fz-juelich.de:1056496$$pauthority:GRANT$$pauthority
000257416 909CO $$ooai:juser.fz-juelich.de:1056496
000257416 980__ $$aG
000257416 980__ $$aAUTHORITY